UM Logo

Comparative models in policing/ (Record no. 16778)

MARC details
000 -LEADER
fixed length control field 00813nam a22001937a 4500
008 - FIXED-LENGTH DATA ELEMENTS--GENERAL INFORMATION
fixed length control field 220404b ||||| |||| 00| 0 eng d
020 ## - INTERNATIONAL STANDARD BOOK NUMBER
International Standard Book Number 9786218219083
082 ## - DEWEY DECIMAL CLASSIFICATION NUMBER
Edition number 2020
Classification number DFil 363.230
Item number C738
245 ## - TITLE STATEMENT
Title Comparative models in policing/
Statement of responsibility, etc. Jasmin L. ParreƱo, Mark E. Patalinghug, Rose Ann Diagsay-Aguja, Maida Mae B. Calpo, authors
260 ## - PUBLICATION, DISTRIBUTION, ETC. (IMPRINT)
Place of publication, distribution, etc. Nueva Ecija:
Name of publisher, distributor, etc. Mind Shaper Publishing House,
Date of publication, distribution, etc. 2020.
300 ## - PHYSICAL DESCRIPTION
Extent i, 169 pages:
Other physical details illustrations;
Dimensions 25 cm.
650 ## - SUBJECT ADDED ENTRY--TOPICAL TERM
Topical term or geographic name as entry element Police -- Philippines -- Study and teaching
9 (RLIN) 44867
650 ## - SUBJECT ADDED ENTRY--TOPICAL TERM
Topical term or geographic name as entry element Community policing -- Philippines
9 (RLIN) 44868
650 ## - SUBJECT ADDED ENTRY--TOPICAL TERM
Topical term or geographic name as entry element Law enforcement -- Philippines
9 (RLIN) 43897
700 ## - ADDED ENTRY--PERSONAL NAME
Personal name Patalinghug, Mark E.,
Relator term author
9 (RLIN) 44869
700 ## - ADDED ENTRY--PERSONAL NAME
Personal name Diagsay-Aguja, Rose Ann,
Relator term author
9 (RLIN) 44870
700 ## - ADDED ENTRY--PERSONAL NAME
Personal name Calpo, Maida Mae B.,
Relator term author
9 (RLIN) 44871
942 ## - ADDED ENTRY ELEMENTS (KOHA)
Source of classification or shelving scheme Dewey Decimal Classification
Koha item type Filipiniana
Holdings
Withdrawn status Lost status Source of classification or shelving scheme Damaged status Not for loan Collection code Home library Current library Shelving location Date acquired Source of acquisition Total Checkouts Full call number Barcode Date last seen Date last checked out Copy number Price effective from Koha item type Cost, normal purchase price
    Dewey Decimal Classification     Filipiniana UM Digos College - LIC UM Digos College - LIC Book Cart 02/07/2022 Purchased 2 DFil 363.230 C738 2020 26317 03/19/2026 03/14/2026 1 04/04/2022 Filipiniana  
    Dewey Decimal Classification     Filipiniana UM Digos College - LIC UM Digos College - LIC   02/07/2022 Purchased   DFil 363.230 C738 2020 26318 05/15/2025   2 04/04/2022 Filipiniana  
    Dewey Decimal Classification     Filipiniana UM Digos College - LIC UM Digos College - LIC Book Cart 02/07/2022 Purchased 1 DFil 363.230 C738 2020 26319 05/15/2025 02/14/2024 3 04/04/2022 Filipiniana  
    Dewey Decimal Classification     Filipiniana UM Digos College - LIC UM Digos College - LIC   08/16/2022 Purchased   DFil 363.230 C738 2020 27056 05/15/2025   4 10/28/2022 Filipiniana 520.00
    Dewey Decimal Classification     Filipiniana UM Digos College - LIC UM Digos College - LIC   08/16/2022 Purchased   DFil 363.230 C738 2020 27057 05/15/2025   5 10/28/2022 Filipiniana 520.00
    Dewey Decimal Classification     Filipiniana UM Digos College - LIC UM Digos College - LIC Book Cart 08/16/2022 Purchased 1 DFil 363.230 C738 2020 27058 03/12/2026 03/10/2026 6 10/28/2022 Filipiniana 520.00